[Event "Cebu City-ch"]
[Site "Cebu City"]
[Date "2024.04.12"]
[Round "2"]
[White "Natividad, Richard"]
[Black "Caparino, Diego Abraham"]
[Result "1/2-1/2"]
[WhiteElo "2289"]
[BlackElo "2258"]
[PlyCount "232"]
[EventDate "2024.04.12"]
[EventType "tourn"]
[EventRounds "9"]
[EventCountry "PHI"]
[SourceTitle "CB18_2024"]
[SourceDate "2024.05.01"]
[SourceVersion "1"]
[SourceVersionDate "2024.05.01"]
[SourceQuality "2"]

1. d4 Nc6 2. Nf3 d6 3. e4 g6 4. Bd3 Bg7 5. c3 e5 6. dxe5 Nxe5 7. Nxe5 dxe5 8. 0-0 Nf6 9. Qe2 0-0 10. b3 Nh5 11. g3 Bh3 12. Rd1 Qf6 13. Nd2 Rfd8 14. Nc4 Rd7 15. Bc2 Rad8 16. Rxd7 Rxd7 17. f3 Bf8 18. Be3 b5 19. Nb2 Qc6 20. Nd1 Bc5 21. Bd3 Qb6 22. Bxc5 Qxc5+ 23. Qf2 Qd6 24. Nb2 c6 25. b4 Ng7 26. a4 a6 27. axb5 cxb5 28. Qc5 Ne8 29. Qxd6 Rxd6 30. Kf2 Be6 31. Ke3 Rc6 32. Ra3 Nd6 33. Kd2 Kf8 34. Ra1 Ke7 35. Kc2 f6 36. Kd2 Nc8 37. Kc2 Nd6 38. Bf1 f5 39. Bd3 Nf7 40. Rd1 Kf6 41. Rf1 f4 42. Be2 g5 43. Ra1 h5 44. Kd2 fxg3 45. hxg3 h4 46. Rh1 hxg3 47. Rg1 Nd6 48. Rxg3 Bc4 49. Bd1 Be6 50. Bc2 Nc4+ 51. Nxc4 Bxc4 52. Rh3 Rd6+ 53. Ke3 Kg7 54. Rh5 Rg6 55. Bd1 Rd6 56. Bc2 Rg6 57. Kf2 Kf6 58. Kg3 Rg8 59. Rh6+ Rg6 60. Rh2 Rg8 61. Rd2 Ke7 62. Rh2 Kf6 63. Kf2 Kg7 64. Ke3 Rd8 65. Rh1 Kg6 66. Rg1 Kf6 67. Ra1 Rd6 68. Rh1 Kg7 69. Rh5 Rg6 70. Bb1 Kf6 71. Rh8 Rg8 72. Rh7 Rg7 73. Rh8 Rg8 74. Rh7 Rg7 75. Rh8 Rg8 76. Rh6+ Rg6 77. Rh8 g4 78. fxg4 Rxg4 79. Ra8 Rg2 80. Rxa6+ Kg5 81. Ra7 Re2+ 82. Kf3 Rb2 83. Rg7+ Kf6 84. Rg1 Rh2 85. Ke3 Re2+ 86. Kf3 Rh2 87. Rc1 Rh3+ 88. Kg2 Re3 89. Kf2 Re2+ 90. Kf3 Rh2 91. Rg1 Rb2 92. Re1 Rb3 93. Rc1 Rb2 94. Bc2 Ke7 95. Ke3 Ra2 96. Bd3 Rh2 97. Bxc4 bxc4 98. Ra1 Rh3+ 99. Kd2 Rh2+ 100. Kc1 Re2 101. Ra5 Rxe4 102. Kd2 Kd6 103. Ra6+ Kd5 104. Ra5+ Kd6 105. Rc5 Rh4 106. Kc2 Rh2+ 107. Kc1 e4 108. Kd1 e3 109. Ke1 Rc2 110. Rxc4 Kd5 111. Rc5+ Ke4 112. Rc8 Rb2 113. Rd8 Rc2 114. Rc8 Rb2 115. Rd8 Rc2 116. Rc8 Rb2 1/2-1/2